• 首页
  • 本馆介绍
  • 公告通知
  • 最新文献
  • 馆藏检索
  • 电子资源
  • 读者导购
  • 参考咨询
  • 我的图书馆
  • 登录
  • 详细信息显示
  • 放入我的书架
  • 预约/预借图书
  • 作者相关作品
  • 分类相关作品
  • 丛书相关作品
  • 出版社相关作品

书目信息

  • 表格格式
  • 工作单格式
  • 卡片格式
题名:
锂离子电池与新型正极材料
    
 
作者: 任海波 著
分册:  
出版信息: 北京   中国原子能出版社  2020.3
页数: 211页
开本: 24cm
丛书名:
单 册:
中图分类: TM912
科图分类:
主题词: 锂离子电池--材料
电子资源:
ISBN: 978-7-5221-0122-4
000 00781nam0 2200229 45
001 012001000529
005 20140911152330.0
010    @a978-7-5221-0122-4@dCNY70.00
100    @a20200728d2020 em y0chiy50 ea
101 0  @achi
102    @aCN@b110000
105    @aa z 000yy
106    @ar
200 1  @a锂离子电池与新型正极材料@Ali li zi dian chi yu xin xing zheng ji cai liao@b专著@f任海波著
210    @a北京@c中国原子能出版社@d2020.3
215    @a211页@c图@d24cm
330    @a本书不仅介绍了锂离子电池的原理、合成方法和检测技术等基本理论,更对一系列新型锂离子电池正极材料的合成、性能表征等内容进行了重点讨论。
606 0  @a锂离子电池@x材料
690    @aTM912@v5
701  0 @a任海波@Aren hai bo@4著
801  0 @aCN@bBJSDL@c20211011
905    @b1331657-60@dTM912@e171@f4
    
    锂离子电池与新型正极材料/任海波著.-北京:中国原子能出版社,2020.3
    211页:图;24cm
    
    
    ISBN 978-7-5221-0122-4:CNY70.00
    本书不仅介绍了锂离子电池的原理、合成方法和检测技术等基本理论,更对一系列新型锂离子电池正极材料的合成、性能表征等内容进行了重点讨论。
●
相关链接 在E读中查询图书 在五车中查询图书 在当当中查询图书 在豆瓣中查询图书


正题名:锂离子电池与新型正极材料     索取号:TM912/171         预约/预借

序号 登录号 条形码 馆藏地/架位号 状态 备注
1 1331657   213316570   第二样本阅览室/ [索取号:TM912/171] 在馆    
2 1331658   213316589   第三借阅区/ [索取号:TM912/171] 在馆    
3 1331659   213316598   第三借阅区/ [索取号:TM912/171] 在馆    
4 1331660   213316605   第三借阅区/ [索取号:TM912/171] 在馆    
唐山师范学院图书馆 欢迎您!
大连网信软件有限公司© 版权所有